| 000 | 01051nam a22003258i 4500 | ||
|---|---|---|---|
| 999 |
_c28488 _d28459 |
||
| 001 | 019280409 | ||
| 003 | EG-ScBUE | ||
| 005 | 20200716130619.0 | ||
| 008 | 190218t2020 nyu f 001 0 eng d | ||
| 020 | _a9780393689891 (pbk.) | ||
| 040 |
_aStDuBDS _beng _erda _cStDuBDS _dEG-ScBUE |
||
| 082 | 0 | 4 |
_a338.5 _bVAR _222 |
| 100 | 1 | 0 |
_aVarian, Hal R., _eauthor. |
| 245 | 1 | 0 |
_aIntermediate microeconomics : _ba modern approach / _cHal R. Varian, University of California at Berkeley. |
| 250 | _aNinth edition. | ||
| 250 | _aInternational student edition. | ||
| 250 | _aMedia update edition. | ||
| 264 | 1 |
_aNew York, N.Y. ; _aLondon : _bW.W. Norton and Company, _c[2020] |
|
| 264 | 4 | _cc2020 | |
| 300 |
_a1 volume (various pagings) ; _c24 cm |
||
| 336 |
_atext _2rdacontent _btxt |
||
| 337 |
_aunmediated _2rdamedia _bn |
||
| 338 |
_avolume _2rdacarrier _bnc |
||
| 500 | _aIncludes Internet access. | ||
| 500 | _aIncludes index. | ||
| 650 | 7 |
_aMicroeconomics. _2BUEsh |
|
| 653 |
_bBUSECO _cJuly2020 |
||
| 655 |
_vText book _933728 |
||
| 942 |
_2ddc _cTXT |
||